000 00845cam a22002657a 4500
001 4322731
003 OSt
005 20140310181715.0
008 900714s1981 ph a j 000 0 tgl
010 _a 87400803
020 _a9711210789
040 _aDLC
_cDLC
_dDLC
050 0 0 _aPZ 8.1
_b.V718 1981
082 _aFIL 808.899282
_bV712 1981
245 0 0 _aSampung datu ng Borneo :
_bang unang ati-atihan sa Panay /
_c[muling isinalaysay ni Rene O. Villanueva ; guhit ni Nards Cruz].
260 _aQuezon City, Philippines :
_bChildren's Communication Center,
_cc1981
_g(1983 printing)
300 _a[32] p. :
_bcol. ill. ;
_c23 cm.
490 0 _aAklat adarna. Lahi
562 _e1
700 1 _aVillanueva, Rene O.
906 _a7
_bcbc
_corignew
_du
_encip
_f19
_gy-gencatlg
942 _2lcc
_cBK
999 _c1749
_d1749